000
003240000a22001450004500
003
MACL
040
_a
MACL
090
_c
5136
_d
5135
100
_a
Shiva, Vandana
245
_a
Staying Alive
_b
Women Ecology and Survival in India
260
_b
Kali for Women
_c
1989
350
_a
60
650
_a
Sociology
942
_c
BOOK
_k
307
999
_c
5098
_d
5098